| 000 | 00704nam a2200241 a 4500 | ||
|---|---|---|---|
| 001 | 49641 | ||
| 003 | BD-RjUL | ||
| 005 | 20211209054716.0 | ||
| 008 | 160821s1965 xx 000 0 eng | ||
| 035 | _a(BD-RjUL)49760 | ||
| 040 |
_aDLC _cVtMiM _dBD-RjUL _beng |
||
| 041 | _aeng | ||
| 082 |
_223 _a361.6 _bBRC 1965 |
||
| 100 | 1 |
_aBruce, Maurice _9146015 |
|
| 245 | 1 | 4 |
_aThe coming of the welfare state / _cMaurice Bruce |
| 250 | _a2d ed. | ||
| 260 |
_aLondon : _bB. T. Batsford, _cc1965 |
||
| 300 |
_axi, 308 p. ; _c23 cm. |
||
| 504 | _aIncludes bibliographical references. | ||
| 650 | 0 |
_aPublic welfare _zGreat Britain. _9148842 |
|
| 650 | 0 |
_aSocial security _zGreat Britain. _9148843 |
|
| 942 |
_2ddc _cBK |
||
| 999 |
_c49641 _d49641 |
||